[Event "San Sebastian Gros op 26th"]
[Site "San Sebastian"]
[Date "2016.06.24"]
[Round "1"]
[White "Erdozio Gaitan, Inaki"]
[Black "Del Rey, Diego"]
[Result "0-1"]
[WhiteElo "1782"]
[BlackElo "2388"]
[PlyCount "66"]
[EventDate "2016.06.24"]
[EventType "swiss"]
[EventRounds "9"]
[EventCountry "ESP"]
[SourceTitle "EXT 2017"]
[Source "ChessBase"]
[SourceDate "2016.10.25"]
[SourceVersion "1"]
[SourceVersionDate "2016.10.25"]
[SourceQuality "1"]

1. e4 c5 2. Nf3 Nc6 3. d4 cxd4 4. Nxd4 e5 5. Nb3 Nf6 6. Nc3 Bb4 7. Bd3 d5 8. 0-0 Bxc3 9. bxc3 dxe4 10. Bc4 Qxd1 11. Rxd1 Bg4 12. Re1 0-0 13. Nc5 Na5 14. Be2 Bf5 15. Rb1 b6 16. Nb3 Nxb3 17. cxb3 e3 18. Rb2 exf2+ 19. Kxf2 Ne4+ 20. Kg1 Nxc3 21. Bc4 Rfe8 22. Rf2 Be6 23. Bb2 Nxa2 24. Bb5 Red8 25. Bxe5 Nb4 26. Bc7 Rdc8 27. Bd6 a5 28. Bxb4 axb4 29. Rf4 Ra3 30. Rxb4 Rxb3 31. Bd7 Rd8 32. Rxb3 Bxb3 33. h3 Bc4 0-1

[Event "San Sebastian Gros op 25th"]
[Site "San Sebastian"]
[Date "2015.06.30"]
[Round "6"]
[White "Marchena Hurtado, Ander"]
[Black "Erdozio Gaitan, Inaki"]
[Result "0-1"]
[WhiteElo "2108"]
[BlackElo "1671"]
[PlyCount "72"]
[EventDate "2015.06.26"]
[EventType "swiss"]
[EventRounds "9"]
[EventCountry "ESP"]
[SourceTitle "CBM 167 Extra"]
[Source "ChessBase"]
[SourceDate "2015.09.14"]
[SourceVersion "1"]
[SourceVersionDate "2015.09.14"]
[SourceQuality "1"]

1. e4 d6 2. d4 Nf6 3. Nc3 c6 4. f4 Qa5 5. Qd3 g6 6. Bd2 Qb6 7. 0-0-0 d5 8. Nf3 dxe4 9. Nxe4 Bg7 10. Re1 0-0 11. Qa3 Qc7 12. Neg5 e6 13. Ne5 a5 14. h4 h5 15. Bb4 axb4 16. Qxa8 Nbd7 17. Qa4 Nd5 18. g3 N7b6 19. Qb3 c5 20. dxc5 Qxc5 21. Ne4 Qc7 22. Nc4 Nd7 23. Qf3 b5 24. Ne3 b3 25. axb3 Nb4 26. Bxb5 Nb6 27. Nc4 Bb7 28. Qe3 N6d5 29. Qc5 Qb8 30. Na3 Rc8 31. Qd6 Qa7 32. Rh2 Qd4 33. c3 Na2+ 34. Kb1 Naxc3+ 35. bxc3 Nxc3+ 36. Ka1 Nd5+ 0-1